Особенности установления зон с особыми условиями использования территории газопроводов в условии реформирования земельного законодательства; Проблемы геологии и освоения недр; Т. 1

Бібліографічні деталі
Parent link:Проблемы геологии и освоения недр=Problems of Geology and Subsurface Development: труды XXIV Международного симпозиума имени академика М. А. Усова студентов и молодых учёных, посвященного 75-летию Победы в Великой Отечественной войне, Томск, 6-10 апреля 2020 г./ Национальный исследовательский Томский политехнический университет, Инженерная школа природных ресурсов ; гл. ред. А. С. Боев ; под ред. Е. Ю. Пасечник.— , 2020
Т. 1.— 2020.— [С. 450-451]
Автор: Козырева Т. В.
Співавтор: Национальный исследовательский Томский политехнический университет
Інші автори: Козина М. В. Мария Викторовна (научный руководитель)
Резюме:Заглавие с экрана
Мова:Російська
Опубліковано: 2020
Серія:Землеустройство, кадастр и мониторинг земель
Проблемы и перспективы развития земельно-имущественных отношений, землеустройства и единого государственного реестра недвижимости
Предмети:
Онлайн доступ:http://earchive.tpu.ru/handle/11683/62690
Формат: Електронний ресурс Частина з книги
KOHA link:https://koha.lib.tpu.ru/cgi-bin/koha/opac-detail.pl?biblionumber=631367

MARC

LEADER 00000naa2a2200000 4500
001 631367
005 20231102024528.0
035 |a (RuTPU)RU\TPU\conf\33068 
035 |a RU\TPU\conf\33066 
090 |a 631367 
100 |a 20200827d2020 k y0rusy50 ca 
101 0 |a rus 
102 |a RU 
105 |a y z 100zy 
135 |a drgn ---uucaa 
181 0 |a i  
182 0 |a b 
200 1 |a Особенности установления зон с особыми условиями использования территории газопроводов в условии реформирования земельного законодательства  |f Т. В. Козырева  |g науч. рук. М. В. Козина 
203 |a Текст  |c электронный 
225 1 |a Землеустройство, кадастр и мониторинг земель 
225 1 |a Проблемы и перспективы развития земельно-имущественных отношений, землеустройства и единого государственного реестра недвижимости 
230 |a 1 компьютерный файл (pdf; 1 015 Kb) 
300 |a Заглавие с экрана 
320 |a [Библиогр.: с. 451 (8 назв.)] 
461 1 |0 (RuTPU)RU\TPU\conf\32983  |t Проблемы геологии и освоения недр  |l Problems of Geology and Subsurface Development  |o труды XXIV Международного симпозиума имени академика М. А. Усова студентов и молодых учёных, посвященного 75-летию Победы в Великой Отечественной войне, Томск, 6-10 апреля 2020 г.  |o в 2 т.  |f Национальный исследовательский Томский политехнический университет, Инженерная школа природных ресурсов ; гл. ред. А. С. Боев ; под ред. Е. Ю. Пасечник  |d 2020 
463 1 |0 (RuTPU)RU\TPU\conf\32984  |t Т. 1  |v [С. 450-451]  |d 2020 
610 1 |a труды учёных ТПУ 
610 1 |a электронный ресурс 
610 1 |a зоны 
610 1 |a особые условия 
610 1 |a территории 
610 1 |a газопроводы 
610 1 |a реформирование 
610 1 |a земельное законодательство 
610 1 |a законодательство 
700 1 |a Козырева  |b Т. В. 
702 1 |a Козина  |b М. В.  |c геолог  |c старший преподаватель Томского политехнического университета  |f 1986-  |g Мария Викторовна  |2 stltpush  |4 727 
712 0 2 |a Национальный исследовательский Томский политехнический университет  |c (2009- )  |2 stltpush  |3 (RuTPU)RU\TPU\col\15902  |9 26305 
801 2 |a RU  |b 63413507  |c 20200925  |g RCR 
856 4 |u http://earchive.tpu.ru/handle/11683/62690 
942 |c BK